[Event "BL 2122 (Women)"]
[Site "Germany"]
[Date "2022.04.10"]
[Round "8.6"]
[White "Petrosyan, Ani"]
[Black "Kubikova, Alena"]
[Result "0-1"]
[WhiteElo "1275"]
[BlackElo "2093"]
[PlyCount "76"]
[EventDate "2021.11.27"]
[EventType "team-tourn"]
[EventRounds "11"]
[EventCountry "GER"]
[SourceTitle "EXT 2023"]
[Source "ChessBase"]
[SourceDate "2022.10.05"]
[SourceVersion "1"]
[SourceVersionDate "2022.10.05"]
[SourceQuality "1"]
[WhiteTeam "Harksheide (W)"]
[BlackTeam "Rodewisch (W)"]
[WhiteTeamCountry "GER"]
[BlackTeamCountry "GER"]

1. Nf3 g6 2. c3 Bg7 3. d4 d5 4. Bf4 Nf6 5. Nbd2 0-0 6. e3 b6 7. Qa4 Bb7 8. Bd3 a6 9. Qc2 Nbd7 10. e4 dxe4 11. Nxe4 Nd5 12. Bg3 c5 13. dxc5 bxc5 14. 0-0 Qc8 15. Rfe1 c4 16. Bf1 N5b6 17. Rad1 Nc5 18. Nxc5 Qxc5 19. Nd4 e5 20. Nf3 f6 21. Nd2 Kh8 22. b3 cxb3 23. axb3 Rac8 24. c4 a5 25. Ne4 Bxe4 26. Qxe4 f5 27. Qb1 h6 28. h3 Rcd8 29. Rxd8 Rxd8 30. Rd1 Rd4 31. Qa1 e4 32. Qb1 g5 33. Rxd4 Bxd4 34. Qc2 Nd7 35. Be2 Nf6 36. Bd1 f4 37. Bh2 Kg7 38. Kf1 Qe5 0-1

[Event "BL 1718 (Women)"]
[Site "Germany"]
[Date "2018.01.27"]
[Round "6.6"]
[White "Kubikova, Alena"]
[Black "Frey, Alisa"]
[Result "1/2-1/2"]
[WhiteElo "2123"]
[BlackElo "2077"]
[PlyCount "83"]
[EventDate "2017.10.01"]
[EventType "team-tourn"]
[EventRounds "11"]
[EventCountry "GER"]
[SourceTitle "EXT 2019"]
[Source "ChessBase"]
[SourceDate "2018.10.10"]
[SourceVersion "1"]
[SourceVersionDate "2018.10.10"]
[SourceQuality "1"]
[WhiteTeam "Rodewisch (W)"]
[BlackTeam "Bad Koenigshofen (W)"]
[WhiteTeamCountry "GER"]
[BlackTeamCountry "GER"]

1. e4 e5 2. Nf3 Nc6 3. Bb5 a6 4. Ba4 Nf6 5. 0-0 b5 6. Bb3 Be7 7. c3 0-0 8. Re1 d6 9. h3 Na5 10. Bc2 c5 11. d4 cxd4 12. cxd4 Nc6 13. Nc3 Qc7 14. Bg5 Bb7 15. Rc1 Rac8 16. Bb1 Qd8 17. dxe5 dxe5 18. Qxd8 Rfxd8 19. Bxf6 Bxf6 20. Nd5 Nd4 21. Nxd4 Bxd5 22. Rxc8 Rxc8 23. Nxb5 Bxa2 24. Nd6 Rc6 25. Bxa2 Rxd6 26. Bd5 Bd8 27. Rc1 Kf8 28. Kf1 f5 29. f3 fxe4 30. fxe4 Rf6+ 31. Ke2 Bb6 32. Rf1 Ke7 33. Rxf6 Kxf6 34. Kf3 Kg5 35. Bg8 h5 36. g3 h4 37. gxh4+ Kxh4 38. Be6 Bc5 39. b3 Bb4 40. Ke2 Kg5 41. Kd3 Kf4 42. Bf5 1/2-1/2

[Event "CZE-ch (Women)"]
[Site "Havlickuv Brod"]
[Date "2015.05.23"]
[Round "7"]
[White "Kubikova, Hana"]
[Black "Kubikova, Alena"]
[Result "1/2-1/2"]
[WhiteElo "2114"]
[BlackElo "2101"]
[PlyCount "22"]
[EventDate "2015.05.17"]
[EventType "tourn"]
[EventRounds "7"]
[EventCountry "CZE"]
[SourceTitle "CBM 166 Extra"]
[Source "ChessBase"]
[SourceDate "2015.06.18"]
[SourceVersion "1"]
[SourceVersionDate "2015.06.18"]
[SourceQuality "1"]

1. d4 Nf6 2. Nf3 g6 3. g3 Bg7 4. Bg2 0-0 5. 0-0 d6 6. c4 c6 7. Nc3 Nbd7 8. e4 e5 9. dxe5 dxe5 10. Bg5 Qc7 11. Qc2 Re8 1/2-1/2

[Event "CZE-ch (Women)"]
[Site "Havlickuv Brod"]
[Date "2015.05.20"]
[Round "4"]
[White "Kubikova, Alena"]
[Black "Kulovana, Eva"]
[Result "0-1"]
[WhiteElo "2101"]
[BlackElo "2234"]
[PlyCount "158"]
[EventDate "2015.05.17"]
[EventType "tourn"]
[EventRounds "7"]
[EventCountry "CZE"]
[SourceTitle "CBM 166 Extra"]
[Source "ChessBase"]
[SourceDate "2015.06.18"]
[SourceVersion "1"]
[SourceVersionDate "2015.06.18"]
[SourceQuality "1"]

1. e4 c6 2. d4 d5 3. Nc3 dxe4 4. Nxe4 Bf5 5. Ng3 Bg6 6. h4 h6 7. Bc4 e6 8. N1e2 Nf6 9. Nf4 Bh7 10. c3 Bd6 11. h5 0-0 12. Bd3 Bxd3 13. Qxd3 Nbd7 14. Bd2 c5 15. 0-0 cxd4 16. cxd4 Nb6 17. Rfe1 Qd7 18. Qf3 Rfd8 19. Rad1 Be7 20. Nfe2 Qd5 21. Qxd5 Rxd5 22. Be3 Rad8 23. Nf4 R5d7 24. Nd3 Bd6 25. Ne2 Nxh5 26. Nc3 Nf6 27. Nb5 Bb8 28. Nc5 Re7 29. a4 Nbd5 30. Bc1 b6 31. Nd3 Red7 32. Ne5 Bxe5 33. dxe5 Ne8 34. b3 a6 35. Na3 Rc8 36. Bb2 Rdc7 37. Bd4 Rb8 38. Rc1 b5 39. axb5 axb5 40. Rxc7 Nexc7 41. Rc1 Ra8 42. Nc2 Ra2 43. Ne3 Nxe3 44. Bxe3 Nd5 45. Rc8+ Kh7 46. Rb8 Nxe3 47. fxe3 Re2 48. Rxb5 Rxe3 49. Kf2 Rc3 50. Rb7 Kg6 51. b4 Rb3 52. b5 h5 53. g3 Rb4 54. Kf3 h4 55. gxh4 Rxh4 56. b6 Rb4 57. Ke3 f6 58. Rb8 Kf5 59. exf6 gxf6 60. b7 e5 61. Ke2 e4 62. Kf2 Kf4 63. Rf8 Rb2+ 64. Kf1 Rxb7 65. Rxf6+ Ke3 66. Ra6 Rb1+ 67. Kg2 Rd1 68. Re6 Kd3 69. Kf2 Rd2+ 70. Kf1 Ke3 71. Ra6 Rd1+ 72. Kg2 Ke2 73. Re6 e3 74. Re8 Rd7 75. Kg3 Kd2 76. Ra8 e2 77. Ra2+ Ke1 78. Kg2 Rg7+ 79. Kf3 Kf1 0-1

[Event "CZE-chT2C 1415"]
[Site "Czech Republic"]
[Date "2015.02.08"]
[Round "7.4"]
[White "Kubikova, Alena"]
[Black "Starek, Stanislav"]
[Result "1/2-1/2"]
[WhiteElo "2108"]
[BlackElo "2156"]
[PlyCount "100"]
[EventDate "2014.11.02"]
[EventType "team-tourn"]
[EventRounds "11"]
[EventCountry "CZE"]
[SourceTitle "EXT 2022"]
[Source "ChessBase"]
[SourceDate "2021.10.06"]
[SourceVersion "1"]
[SourceVersionDate "2021.10.06"]
[SourceQuality "1"]
[WhiteTeam "Praha Kobylisy II"]
[BlackTeam "Ricany"]
[WhiteTeamCountry "CZE"]
[BlackTeamCountry "CZE"]

1. e4 d6 2. d4 Nf6 3. f3 e5 4. Be3 Nbd7 5. d5 Be7 6. c4 0-0 7. Bd3 Nh5 8. Qd2 Nf4 9. Bf1 f5 10. exf5 Rxf5 11. g3 Ng6 12. Bd3 Rf8 13. Nc3 Nc5 14. Bc2 e4 15. Bxc5 dxc5 16. Nxe4 Ne5 17. Qc3 Bf6 18. Nxf6+ Qxf6 19. 0-0-0 Nxf3 20. Qxf6 Rxf6 21. Nxf3 Rxf3 22. Rde1 Bg4 23. Re7 Raf8 24. Be4 R3f7 25. d6 c6 26. Re1 Rxe7 27. dxe7 Re8 28. Bc2 g6 29. Re5 Kf7 30. Rxc5 Rxe7 31. Ra5 a6 32. Kd2 Re2+ 33. Kc3 Rxh2 34. Re5 Rf2 35. Re3 Bf5 36. Bxf5 gxf5 37. a4 Kf6 38. a5 c5 39. b4 h5 40. bxc5 Ra2 41. Kd4 Rd2+ 42. Kc3 Ra2 43. Kd4 Rd2+ 44. Kc3 Rd8 45. c6 bxc6 46. Kb4 h4 47. gxh4 f4 48. Rf3 Ke5 49. Kc5 Rf8 50. Kb6 Kd4 1/2-1/2

[Event "Oberliga Ost-A 1415"]
[Site "Germany"]
[Date "2014.10.18"]
[Round "2.5"]
[White "Kubikova, Alena"]
[Black "Rothe, Guido"]
[Result "1/2-1/2"]
[WhiteElo "2114"]
[BlackElo "2174"]
[PlyCount "59"]
[EventDate "2014.09.21"]
[EventType "team-tourn"]
[EventRounds "11"]
[EventCountry "GER"]
[SourceTitle "EXT 2016"]
[Source "ChessBase"]
[SourceDate "2015.10.08"]
[SourceVersion "1"]
[SourceVersionDate "2015.10.08"]
[SourceQuality "1"]
[WhiteTeam "Aue Nickelhuette II"]
[BlackTeam "Magdeburg Aufbau Elbe"]
[WhiteTeamCountry "GER"]
[BlackTeamCountry "GER"]

1. e4 g6 2. d4 d6 3. c4 Nf6 4. Nc3 Bg7 5. f3 0-0 6. Be3 a6 7. Qd2 Nc6 8. 0-0-0 e5 9. d5 Nd4 10. Nge2 c5 11. dxc6 bxc6 12. Nxd4 exd4 13. Bxd4 Be6 14. Na4 Rb8 15. Bc3 Nd7 16. Bxg7 Kxg7 17. Qxd6 Qa5 18. b3 Rb4 19. Qd2 Rfb8 20. Qc2 Ne5 21. f4 Bxc4 22. Bxc4 Nxc4 23. Rd7 Kg8 24. Qd3 Qb5 25. Rd8+ Rxd8 26. Qxd8+ Kg7 27. Qd4+ Kg8 28. Qd8+ Kg7 29. Qd4+ Kg8 30. Qd8+ 1/2-1/2

[Event "BL 1112 (Women)"]
[Site "Germany"]
[Date "2012.04.22"]
[Round "10.4"]
[White "Lauterbach, Ingrid"]
[Black "Kubikova, Alena"]
[Result "1/2-1/2"]
[WhiteElo "2063"]
[BlackElo "2128"]
[PlyCount "48"]
[EventDate "2011.10.29"]
[EventType "team-tourn"]
[EventRounds "11"]
[EventCountry "GER"]
[SourceTitle "EXT 2013"]
[Source "ChessBase"]
[SourceDate "2012.11.22"]
[SourceVersion "1"]
[SourceVersionDate "2012.11.22"]
[SourceQuality "1"]
[WhiteTeam "Karlsruhe (W)"]
[BlackTeam "Rodewisch (W)"]
[WhiteTeamCountry "GER"]
[BlackTeamCountry "GER"]

1. Nf3 Nf6 2. g3 g6 3. Bg2 Bg7 4. 0-0 0-0 5. d3 d5 6. Nbd2 b6 7. e4 Bb7 8. Re1 e6 9. Qe2 c5 10. e5 Nfd7 11. Nf1 Nc6 12. Bf4 Ba6 13. h4 Rc8 14. c3 d4 15. c4 b5 16. b3 bxc4 17. bxc4 Qa5 18. N1d2 Rb8 19. Nb3 Qc7 20. Rab1 Nb4 21. Qd2 Nc6 22. Qe2 Nb4 23. Qd2 Nc6 24. Qe2 Nb4 1/2-1/2

[Event "CZE-ch playoff 3rd-4th (Women)"]
[Site "Pardubice"]
[Date "2011.05.19"]
[Round "2"]
[White "Kubikova, Alena"]
[Black "Petrova, Kristyna"]
[Result "1/2-1/2"]
[WhiteElo "2121"]
[BlackElo "2288"]
[PlyCount "58"]
[EventDate "2011.05.18"]
[EventType "match"]
[EventRounds "2"]
[EventCountry "CZE"]
[SourceTitle "CBM 142 Extra"]
[Source "ChessBase"]
[SourceDate "2011.06.27"]
[SourceVersion "1"]
[SourceVersionDate "2011.06.27"]
[SourceQuality "1"]

1. e4 c5 2. Nf3 Nc6 3. d4 cxd4 4. Nxd4 g6 5. Nc3 Bg7 6. Be3 Nf6 7. Bc4 0-0 8. Bb3 d6 9. f3 Bd7 10. Qd2 Nxd4 11. Bxd4 b5 12. h4 a5 13. h5 a4 14. Bd5 b4 15. Bxf6 exf6 16. Ne2 Rc8 17. hxg6 hxg6 18. Nf4 f5 19. Nxg6 Qf6 20. Nxf8 Qxb2 21. Bxf7+ Kxf7 22. Qd5+ Kxf8 23. Qxd6+ Kg8 24. Qd5+ Kf8 25. Rd1 Rxc2 26. Qd6+ Kg8 27. Qd5+ Kf8 28. Qd6+ Kg8 29. Qd5+ Kf8 1/2-1/2

[Event "BL 1011 (Women)"]
[Site "Germany"]
[Date "2011.03.13"]
[Round "11.5"]
[White "Higgelke, Anne"]
[Black "Kubikova, Alena"]
[Result "0-1"]
[WhiteElo "2010"]
[BlackElo "2121"]
[PlyCount "82"]
[EventDate "2010.11.06"]
[EventType "team-tourn"]
[EventRounds "11"]
[EventCountry "GER"]
[SourceTitle "EXT 2012"]
[Source "ChessBase"]
[SourceDate "2011.11.24"]
[SourceVersion "1"]
[SourceVersionDate "2011.11.24"]
[SourceQuality "1"]
[WhiteTeam "Torgelow (W)"]
[BlackTeam "Rodewisch (W)"]
[WhiteTeamCountry "GER"]
[BlackTeamCountry "GER"]

1. c4 Nf6 2. Nc3 c5 3. Nf3 Nc6 4. d4 cxd4 5. Nxd4 g6 6. g3 Bg7 7. Bg2 0-0 8. 0-0 a6 9. Rb1 Qc7 10. Nxc6 dxc6 11. b3 Ng4 12. Bb2 Qa5 13. Qc2 Qh5 14. h3 Nh6 15. g4 Qh4 16. Qe4 e5 17. Qf3 f5 18. Qg3 Qe7 19. gxf5 Nxf5 20. Qh2 Nh4 21. Ne4 Bf5 22. Rbd1 Nxg2 23. Qxg2 Qh4 24. Ng5 e4 25. Bxg7 Kxg7 26. Rd6 Rae8 27. f3 exf3 28. Nxf3 Qxh3 29. Qxh3 Bxh3 30. Rf2 Bg4 31. Kg2 Rxe2 32. Rxe2 Bxf3+ 33. Kf2 Bxe2+ 34. Kxe2 h5 35. Rd7+ Rf7 36. Rd4 Kh6 37. Rd6 h4 38. a4 Kh5 39. Rd8 g5 40. Re8 h3 41. Rh8+ Kg4 0-1

[Event "BL 0910 (Women)"]
[Site "Germany"]
[Date "2010.03.27"]
[Round "10.4"]
[White "Kubikova, Alena"]
[Black "Kiefhaber, Veronika"]
[Result "0-1"]
[WhiteElo "2123"]
[BlackElo "2244"]
[PlyCount "110"]
[EventDate "2009.11.07"]
[EventType "team-tourn"]
[EventRounds "11"]
[EventCountry "GER"]
[SourceTitle "CBM 133 Extra"]
[Source "ChessBase"]
[SourceDate "2010.01.05"]
[SourceVersion "1"]
[SourceVersionDate "2010.01.05"]
[SourceQuality "1"]
[WhiteTeam "Rodewisch (W)"]
[BlackTeam "Karlsruhe 1853 (W)"]
[WhiteTeamCountry "GER"]
[BlackTeamCountry "GER"]

1. e4 c5 2. Nf3 g6 3. d4 cxd4 4. Nxd4 Nc6 5. c4 Nf6 6. Nc3 Nxd4 7. Qxd4 d6 8. Be3 Bg7 9. Be2 0-0 10. Qd2 Be6 11. 0-0 Qa5 12. Rac1 Rfc8 13. b3 a6 14. f4 b5 15. f5 Bd7 16. Bg5 Bc6 17. fxg6 hxg6 18. Qe3 b4 19. Nd5 Bxd5 20. cxd5 Qxa2 21. Bc4 Qb2 22. Qd3 a5 23. Rc2 Qe5 24. Bxf6 Bxf6 25. Ra2 Kg7 26. h3 Rh8 27. Bb5 Rh4 28. Re1 Qg5 29. Rae2 Rah8 30. Re3 Be5 31. Rf3 Rf4 32. Ref1 Rxf3 33. Qxf3 Bf6 34. Qf4 Qh5 35. Qg3 Qe5 36. Qf4 Qb2 37. Qf3 Rc8 38. Bc6 a4 39. Bxa4 Rc3 40. Qf2 Rxb3 41. Rd1 Qxf2+ 42. Kxf2 Ra3 43. Bb5 b3 44. Bd3 b2 45. Ke2 Bg5 46. Bc2 Re3+ 47. Kf2 Rc3 48. Bb1 Kf6 49. Ke2 Re3+ 50. Kf2 Ra3 51. Bc2 Ra1 52. Ke2 Ke5 53. Rb1 Bc1 54. Bd3 Ra5 55. Bc2 f5 0-1

[Event "BL 0809 (Women)"]
[Site "Germany"]
[Date "2009.03.07"]
[Round "8.3"]
[White "Zschischang, Marine"]
[Black "Kubikova, Alena"]
[Result "0-1"]
[WhiteElo "2082"]
[BlackElo "2119"]
[PlyCount "66"]
[EventDate "2008.11.08"]
[EventType "team-tourn"]
[EventRounds "11"]
[EventCountry "GER"]
[SourceTitle "EXT 2010"]
[Source "ChessBase"]
[SourceDate "2010.11.25"]
[SourceVersion "1"]
[SourceVersionDate "2010.11.25"]
[SourceQuality "1"]
[WhiteTeam "Lehrte (W)"]
[BlackTeam "Rodewisch (W)"]
[WhiteTeamCountry "GER"]
[BlackTeamCountry "GER"]

1. c4 Nf6 2. Nc3 e5 3. e4 Nc6 4. g3 g6 5. Bg2 Bg7 6. Nge2 d6 7. h3 Be6 8. d3 0-0 9. 0-0 Ne8 10. Kh2 f5 11. Nd5 h6 12. exf5 gxf5 13. f4 Nf6 14. Nec3 Rb8 15. Be3 Nd4 16. Bxd4 exd4 17. Nxf6+ Bxf6 18. Nd5 c6 19. Nxf6+ Qxf6 20. Rc1 c5 21. Re1 Bf7 22. Qa4 a6 23. Re2 b5 24. Qxa6 bxc4 25. dxc4 d3 26. Rd2 Rxb2 27. Rxd3 Rxg2+ 28. Kxg2 Qb2+ 29. Kf3 Qxc1 30. Qxd6 Qf1+ 31. Ke3 Re8+ 32. Kd2 Re2+ 33. Kc3 Qa1+ 0-1

[Event "BL 0809 (Women)"]
[Site "Germany"]
[Date "2008.11.09"]
[Round "2.4"]
[White "Mader, Manuela"]
[Black "Kubikova, Alena"]
[Result "1/2-1/2"]
[WhiteElo "2132"]
[BlackElo "2119"]
[PlyCount "115"]
[EventDate "2008.11.08"]
[EventType "team-tourn"]
[EventRounds "11"]
[EventCountry "GER"]
[SourceTitle "EXT 2010"]
[Source "ChessBase"]
[SourceDate "2010.11.25"]
[SourceVersion "1"]
[SourceVersionDate "2010.11.25"]
[SourceQuality "1"]
[WhiteTeam "Karlsruhe 1853 (W)"]
[BlackTeam "Rodewisch (W)"]
[WhiteTeamCountry "GER"]
[BlackTeamCountry "GER"]

1. e4 e6 2. d4 d5 3. Nd2 dxe4 4. Nxe4 Nd7 5. Nf3 Ngf6 6. Nxf6+ Nxf6 7. c3 Be7 8. Bd3 0-0 9. Qc2 c5 10. dxc5 Bxc5 11. Bg5 h6 12. Bh4 Be7 13. 0-0-0 Qa5 14. Kb1 e5 15. Bf5 e4 16. Bxc8 Raxc8 17. Bxf6 Bxf6 18. Nd2 e3 19. fxe3 Qb6 20. Ne4 Be5 21. Rd3 Qc6 22. Ng3 Bxg3 23. hxg3 Qg6 24. Rd7 Qxg3 25. Rxb7 Qxe3 26. Rf1 Rcd8 27. Qf5 g6 28. Qf3 Qe6 29. Rxa7 Rd2 30. Kc1 Rxb2 31. Rxf7 Qxf7 32. Kxb2 Rb8+ 33. Ka1 Qe6 34. Qf6 Qe8 35. Qf4 Ra8 36. Qc4+ Kg7 37. Rb1 Qe7 38. Qd5 Ra7 39. Qd4+ Kh7 40. Qb4 Qf7 41. Qb3 Qf2 42. Qd5 h5 43. Rc1 Qe2 44. Kb1 Qf2 45. Rd1 Qe2 46. Qd2 Qb5+ 47. Ka1 Qc4 48. Qb2 Qe6 49. Rc1 Qc4 50. a3 Qc5 51. Ka2 Qc4+ 52. Qb3 Qe4 53. Qc2 Qa8 54. Qb2 Rb7 55. Qc2 Ra7 56. Qb2 Rb7 57. Qc2 Ra7 58. Qb2 1/2-1/2

[Event "BL 0809 (Women)"]
[Site "Germany"]
[Date "2008.11.08"]
[Round "1.4"]
[White "Kubikova, Alena"]
[Black "Kachiani Gersinska, Ketino"]
[Result "1/2-1/2"]
[WhiteElo "2119"]
[BlackElo "2371"]
[PlyCount "36"]
[EventDate "2008.11.08"]
[EventType "team-tourn"]
[EventRounds "11"]
[EventCountry "GER"]
[SourceTitle "EXT 2010"]
[Source "ChessBase"]
[SourceDate "2010.11.25"]
[SourceVersion "1"]
[SourceVersionDate "2010.11.25"]
[SourceQuality "1"]
[WhiteTeam "Rodewisch (W)"]
[BlackTeam "Baden-Baden (W)"]
[WhiteTeamCountry "GER"]
[BlackTeamCountry "GER"]

1. e4 c6 2. d4 d5 3. exd5 cxd5 4. Bd3 Nc6 5. c3 g6 6. Nf3 Nh6 7. Bf4 Bf5 8. 0-0 Bg7 9. Re1 0-0 10. Qd2 Bxd3 11. Bxh6 Be4 12. Bxg7 Kxg7 13. Ne5 Nxe5 14. dxe5 Qc8 15. f3 Qc5+ 16. Kh1 Bf5 17. Na3 Rfd8 18. Rad1 h5 1/2-1/2

[Event "CZE-ch (Women)"]
[Site "Havlickuv Brod"]
[Date "2008.02.16"]
[Round "1"]
[White "Olsarova, Tereza"]
[Black "Kubikova, Alena"]
[Result "1-0"]
[WhiteElo "2092"]
[BlackElo "2197"]
[PlyCount "117"]
[EventDate "2008.02.16"]
[EventType "tourn"]
[EventRounds "3"]
[EventCountry "CZE"]
[SourceTitle "CBM 122 Extra"]
[Source "ChessBase"]
[SourceDate "2008.03.04"]
[SourceVersion "1"]
[SourceVersionDate "2008.03.04"]
[SourceQuality "1"]

1. e4 c5 2. Nf3 e6 3. d4 cxd4 4. Nxd4 a6 5. Nc3 Nc6 6. Be2 Qc7 7. 0-0 Nf6 8. Be3 Bb4 9. Bg5 Bxc3 10. Bxf6 gxf6 11. bxc3 Ne5 12. Qd2 h5 13. f4 Nc4 14. Qd3 b5 15. Qg3 Bb7 16. Qe1 Qc5 17. Rf2 Nd6 18. Bf3 Rc8 19. Rd1 Nc4 20. Nf5 Rh7 21. Rd3 exf5 22. exf5+ Kf8 23. Bxb7 Re8 24. Qc1 Ne3 25. Bf3 Nxc2 26. Rd1 Ne3 27. Rxd7 Rg7 28. Qd2 Nc4 29. Qd4 Re1+ 30. Rf1 Rxf1+ 31. Kxf1 Qxd4 32. Rxd4 Ne3+ 33. Kf2 Nxf5 34. Rd5 Nh4 35. Rxh5 Nxf3 36. Kxf3 Ke7 37. Rh8 f5 38. h4 Rg6 39. h5 Rc6 40. h6 Rxc3+ 41. Kf2 Rc6 42. Ke3 Rg6 43. h7 Rh6 44. Ra8 Rxh7 45. Ra7+ Kd6 46. Rxa6+ Kc5 47. Rf6 Rg7 48. Rxf5+ Kb4 49. Kf3 Ka4 50. Rf6 Kb4 51. g4 Kc3 52. g5 b4 53. Kg4 Rh7 54. Rh6 Rg7 55. Kf5 Rg8 56. Kf6 Rg6+ 57. Kxf7 Rxh6 58. gxh6 Kb2 59. h7 1-0